000
00304 a2200109 4500
001
ART_51809
005
20260410162044.0
008
260409a
245
1
0
_a
Régimen de retención cuarta categoría
100
1
_a
Baldo, Alberto
773
0
_t
Impuestos
_g
- N°87 (nov. 2020)
_w
REV45175
999
_c
35184
_d
35184